Elecciones Generales: Costa Rica 1 de febrero de 1998 /

Guardado en:
Bibliografiske detaljer
Hovedforfatter: Rovira Mas, Jorge
Format: Texto
Fag:
Tags: Tilføj Tag
Ingen Tags, Vær først til at tagge denne postø!

MARC

LEADER 00000 a a2200000 04500
001 2004
003
040
100 |a Rovira Mas, Jorge  
245 |a Elecciones Generales:   |b Costa Rica 1 de febrero de 1998 /  |c Jorge Rovira Mas 
650 |a ELECCIONES  
650 |a PARTIDOS POLITICOS  
650 |a SISTEMAS ELECTORALES  
773 |g número 19; páginas 9-70  
999 |c 23032  |d 23032